The Bulgarians in the past : pages from the bulgarian cultural history
Αποθηκεύτηκε σε:
| Κύριος συγγραφέας: | |
|---|---|
| Μορφή: | Βιβλίο |
| Γλώσσα: | English |
| Δημοσίευση: |
New York :
Arno,
1971
|
| Σειρά: | Eastern Europe collection
|
| Θέματα: | |
| Ετικέτες: |
Προσθήκη ετικέτας
Δεν υπάρχουν, Καταχωρήστε ετικέτα πρώτοι!
|
MARC
| LEADER | 00000nam a2200000 i 4500 | ||
|---|---|---|---|
| 001 | 1/10647 | ||
| 008 | 970606s1971 eng d | ||
| 020 | |a 0-405-02766-4 | ||
| 035 | |l 10017932 | ||
| 040 | |a GR-MY-UA |b gre |e aacr | ||
| 041 | 0 | |a eng | |
| 082 | 0 | |a 914.977031 | |
| 100 | 1 | |a Mishev, Dimitur Nikolov. | |
| 245 | 1 | 4 | |a The Bulgarians in the past : |b pages from the bulgarian cultural history / |c D. Mishew |
| 260 | |a New York : |b Arno, |c 1971 | ||
| 300 | |a 478 p. | ||
| 490 | 1 | |a Eastern Europe collection | |
| 504 | |a Includes bibliographical references and index | ||
| 651 | 0 | |a Bulgaria |x History. | |
| 830 | 0 | |a Eastern Europe collection | |
| 852 | |a INST |b LESVOS |e 19970606 |h 949.9 MIS |p 005100011024 |q 005100011024 |t BK |y 0 | ||
| 909 | |a Λ |b 049574 | ||
| 922 | |a 1ΔΩΡ |b 199702 |c ΤΚΑ | ||